Wszystkie skiny do USP-S w CS:GO - Statystyki

Ogólne statystyki
  • Ten quiz został rozwiązany 75 razy
    72 od ostatniego zresetowania
  • Średni wynik to 11 z 28
Statystyki odpowiedzi
Rodzaj (Kolor) Skin % Poprawnych
Czerwony Kill Confirmed
98%
Różowy Orion
68%
Czerwony The Traitor
68%
Czerwony Neo-Noir
63%
Niebieski Blueprint
55%
Różowy Cortex
53%
Fioletowy Cyrex
53%
Fioletowy Guardian
48%
Różowy Caiman
45%
Fioletowy Flashback
45%
Niebieski Torque
45%
Różowy Monster Mashup
35%
Fioletowy Overgrowth
35%
Fioletowy Dark Water
33%
Niebieski Forest Leaves
30%
Różowy Serum
30%
Niebieski Blood Tiger
25%
Niebieski Business Class
25%
Niebieski Para Green
25%
Fioletowy Road Rash
25%
Niebieski Royal Blue
25%
Różowy Target Acquired
25%
Niebieski Stainless
23%
Niebieski Check Engine
18%
Niebieski Night Ops
18%
Niebieski Pathfinder
18%
Fioletowy Ancient Visions
15%
Niebieski Lead Conduit
15%
Nie znaleziono quizów pasujących do podanych kryteriów
Rozkład punktacji
Procent ludzi z każdym wynikiem
Percentyl według liczby udzielonych odpowiedzi
Twoja historia wyników
Nie rozwiązałeś tego quizu od ostatniego zresetowania